[Event "Santiago IRT 2 Escalerilla"]
[Site "Santiago de Chile"]
[Date "2018.07.12"]
[Round "3.14"]
[White "Romero Rozas, Pablo"]
[Black "Toro Benaderet, Cristian"]
[Result "1-0"]
[WhiteElo "1358"]
[BlackElo "1850"]
[PlyCount "35"]
[EventDate "2018.07.05"]
[EventType "swiss"]
[EventRounds "6"]
[EventCountry "CHI"]
[SourceTitle "EXT 2024"]
[Source "ChessBase"]
[SourceDate "2023.10.10"]
[SourceVersion "1"]
[SourceVersionDate "2023.10.10"]
[SourceQuality "1"]

1. d4 e6 2. c4 b6 3. a3 Bb7 4. Nc3 Qf6 5. Nf3 d5 6. Nb5 Na6 7. cxd5 exd5 8. Qc2 c6 9. Nc3 Be7 10. e4 dxe4 11. Nxe4 Qe6 12. Bc4 Qg6 13. 0-0 c5 14. Qa4+ Kf8 15. Ne5 Qxe4 16. Nd7+ Ke8 17. Nf6+ Kf8 18. Qe8+ 1-0

[Event "CHI-chT"]
[Site "Santiago de Chile"]
[Date "2012.12.13"]
[Round "7"]
[White "Toro Benaderet, Cristian"]
[Black "Bombardiere Rosas, Eduardo"]
[Result "0-1"]
[WhiteElo "1868"]
[BlackElo "2173"]
[PlyCount "49"]
[EventDate "2012.11.22"]
[EventType "team-tourn"]
[EventRounds "9"]
[EventCountry "CHI"]
[SourceTitle "EXT 2014"]
[Source "ChessBase"]
[SourceDate "2013.11.20"]
[SourceVersion "1"]
[SourceVersionDate "2013.11.20"]
[SourceQuality "1"]

1. e4 c6 2. c4 d5 3. cxd5 cxd5 4. exd5 Qxd5 5. Nc3 Qd6 6. Nf3 Nf6 7. Qc2 Nc6 8. Nb5 Qd8 9. Ne5 Bd7 10. Bc4 Nxe5 11. Nc7+ Qxc7 12. Bxf7+ Kd8 13. Qb3 Nxf7 14. d4 Qb6 15. Qe3 Bb5 16. Bd2 Nd6 17. b3 Nf5 18. Qe5 Qxd4 19. Ba5+ b6 20. Rd1 Bd3 21. Qxf5 Bxf5 22. Rxd4+ Ke8 23. Bd2 e5 24. Rc4 Bd3 25. Rc1 0-1

[Event "CHI-chT"]
[Site "Chile"]
[Date "2010.11.23"]
[Round "6"]
[White "Abarca Gonzalez, Damaris"]
[Black "Toro Benaderet, Cristian"]
[Result "1-0"]
[WhiteElo "1994"]
[BlackElo "1825"]
[PlyCount "85"]
[EventDate "2010.10.19"]
[EventType "team"]
[EventRounds "9"]
[EventCountry "CHI"]
[SourceTitle "EXT 2012"]
[Source "ChessBase"]
[SourceDate "2011.11.24"]
[SourceVersion "1"]
[SourceVersionDate "2011.11.24"]
[SourceQuality "1"]

1. e4 e6 2. d3 Bc5 3. g3 Nc6 4. Bg2 Nge7 5. Nf3 Ng6 6. 0-0 h5 7. d4 Bb6 8. c4 d6 9. Nc3 Bd7 10. a3 a5 11. Rb1 e5 12. dxe5 Ncxe5 13. h3 Nxc4 14. Nd5 Bc5 15. Qc2 Nce5 16. b4 axb4 17. axb4 Bb6 18. Nxe5 Nxe5 19. Nxb6 cxb6 20. f4 Nc6 21. Qd2 0-0 22. Bb2 b5 23. Rfd1 Qc8 24. Kh2 Ra2 25. Qc3 f6 26. Rxd6 Be6 27. Rbd1 Bc4 28. R1d2 Ne7 29. Bf3 h4 30. Bg4 hxg3+ 31. Qxg3 Qb8 32. Rd7 Re8 33. Bh5 Bf7 34. Rg2 g5 35. Bxf7+ Kxf7 36. Qb3+ Kg6 37. e5 Ra6 38. Qd3+ Nf5 39. fxg5 fxe5 40. Qe4 Rd6 41. Rf2 Rf8 42. Bxe5 Re6 43. Rxf5 1-0

[Event "Mayor de Chile op"]
[Site "Santiago de Chile"]
[Date "2005.02.17"]
[Round "4"]
[White "Toro Benaderet, Cristian"]
[Black "Mesias Rojas, Rabindranath"]
[Result "0-1"]
[WhiteElo "2051"]
[BlackElo "2208"]
[PlyCount "88"]
[EventDate "2005.02.14"]
[EventType "swiss"]
[EventRounds "11"]
[EventCountry "CHI"]
[SourceTitle "EXT 2006"]
[Source "ChessBase"]
[SourceDate "2005.11.24"]
[SourceVersion "1"]
[SourceVersionDate "2005.11.24"]
[SourceQuality "1"]

1. d4 Nf6 2. Nf3 g6 3. c4 Bg7 4. Nc3 0-0 5. Bg5 d6 6. h4 Bg4 7. Nh2 Bf5 8. Bxf6 exf6 9. g4 Bd7 10. e3 f5 11. g5 f4 12. e4 c5 13. d5 a6 14. Qf3 b5 15. Qxf4 Be5 16. Qf3 f5 17. Qe2 Qa5 18. Qd2 b4 19. Nd1 fxe4 20. Be2 Rf4 21. Nf1 Bg4 22. Ng3 Bxe2 23. Nxe2 Rf3 24. Ne3 Nd7 25. h5 Raf8 26. hxg6 hxg6 27. Rf1 Bg7 28. Ng3 Bd4 29. Ke2 Bxe3 30. fxe3 Rxg3 31. Rxf8+ Kxf8 32. Rf1+ Kg7 33. Qe1 Rg2+ 34. Rf2 Rxf2+ 35. Qxf2 Qxa2 36. Qh4 Qxc4+ 37. Kf2 Qc2+ 38. Kg3 Qxb2 39. Qh6+ Kf7 40. Qh7+ Qg7 41. Qh1 Qe5+ 42. Kf2 b3 43. Qh7+ Qg7 44. Qh2 Qb2+ 0-1

[Event "Mayor de Chile op"]
[Site "Santiago de Chile"]
[Date "2005.02.14"]
[Round "1"]
[White "Torres Bravo, Cristobal Renato"]
[Black "Toro Benaderet, Cristian"]
[Result "1-0"]
[WhiteElo "2240"]
[BlackElo "2051"]
[PlyCount "44"]
[EventDate "2005.02.14"]
[EventType "swiss"]
[EventRounds "11"]
[EventCountry "CHI"]
[SourceTitle "EXT 2006"]
[Source "ChessBase"]
[SourceDate "2005.11.24"]
[SourceVersion "1"]
[SourceVersionDate "2005.11.24"]
[SourceQuality "1"]

1. d4 d5 2. c4 Nf6 3. cxd5 Nxd5 4. e4 Nf6 5. Nc3 Nc6 6. d5 Ne5 7. f4 Ng6 8. e5 Ng8 9. Be3 e6 10. Bb5+ Bd7 11. dxe6 fxe6 12. Qb3 c6 13. Bc4 Qc8 14. f5 b5 15. fxg6 bxc4 16. Qxc4 hxg6 17. Qg4 Qb8 18. Qxg6+ Kd8 19. Bg5+ Ne7 20. 0-0-0 Qxe5 21. Nf3 Qc5 22. Qxe6 Qf5 1-0